Traffic in armaments (Record no. 3996)

000 -LEADER
fixed length control field 00374pab a2200133 454500
008 - FIXED-LENGTH DATA ELEMENTS--GENERAL INFORMATION
fixed length control field 180718b1987 xxu||||| |||| 00| 0 eng d
100 ## - MAIN ENTRY--PERSONAL NAME
Personal name Weeramantry, C.G.
245 ## - TITLE STATEMENT
Title Traffic in armaments
Remainder of title A blind spot in human rights and international law
260 ## - PUBLICATION, DISTRIBUTION, ETC.
Date of publication, distribution, etc. 1987
300 ## - PHYSICAL DESCRIPTION
Extent 68-90
650 ## - SUBJECT ADDED ENTRY--TOPICAL TERM
Topical term or geographic name entry element Armaments, Limitation Of
773 ## - HOST ITEM ENTRY
Main entry heading Development and Dialogue
909 ## -
-- 3996
Holdings
Withdrawn status Lost status Damaged status Not for loan Permanent Location Current Location Date acquired Serial Enumeration / chronology Barcode Date last seen Price effective from Koha item type
        Indian Institute of Public Administration Indian Institute of Public Administration 2018-07-19 Issue no: 2 AR3997 2018-07-19 2018-07-19 Articles

Powered by Koha